• 首页
  • 本馆介绍
  • 公告通知
  • 最新文献
  • 馆藏检索
  • 电子资源
  • 读者导购
  • 参考咨询
  • 我的图书馆
  • 登录
  • 详细信息显示
  • 放入我的书架
  • 预约/预借图书
  • 作者相关作品
  • 分类相关作品
  • 丛书相关作品
  • 出版社相关作品

书目信息

  • 表格格式
  • 工作单格式
  • 卡片格式
题名:
汽车问题解答
    
 
作者:
分册: 第二辑   底盘
出版信息: 北京   人民交通出版社  1981.9
页数: 391页
开本: 20cm
丛书名:
单 册:
中图分类: U463.1
科图分类:
主题词: 汽车工程
电子资源:
ISBN:
000 00525nam0 2200205 45
001 0312221749
005 20060815144744.98
010    @dCNY1.35
091    @a15044.4624
100    @a20031222d1981 km y0chiy0120 ea
101    @achi
200 1  @a汽车问题解答@h第二辑@Aqi che wen ti jie da@EDi Pan@i底盘
205    @a2版
210    @a北京@c人民交通出版社@d1981.9
215    @a391页@d20cm
517 1  @a底盘@Adi pan
606 0  @a汽车工程
690    @aU463.1@v3
801    @aCN@bTSTCL@c20060815
905    @dU463.1@e1:2=2@f1@b64413
    
    汽车问题解答.第二辑.底盘.-2版.-北京:人民交通出版社,1981.9
    391页;20cm
    
    
    ISBN :CNY1.35
    
●
相关链接 在E读中查询图书 在五车中查询图书 在当当中查询图书 在豆瓣中查询图书


正题名:汽车问题解答     索取号:U463.1/1:2=2         预约/预借

序号 登录号 条形码 馆藏地/架位号 状态 备注
1 0064413   001483683   第三借阅区/ [索取号:U463.1/1:2=2] 在馆    
2 0064414   001483610   第二样本阅览室/ [索取号:U463.1/1:2=2] 在馆    
3 0458525   204585252   密集书库/ [索取号:U463.1/1:2=2] 在馆    
4 0458526   204585261   密集书库/ [索取号:U463.1/1:2=2] 在馆    
唐山师范学院图书馆 欢迎您!
大连网信软件有限公司© 版权所有